Statistics for Adventure Novels by Author and Year

Click here to take the quiz!

General Stats

  • This quiz has been taken 143 times
    (91 since last reset)
  • The average score is 11 of 21

Answer Stats

YearAuthorNovel% Correct
1605Miguel de CervantesDon Quixote
86%
1937J.R.R. TolkienThe Hobbit
86%
1726Jonathan SwiftGulliver's Travels
76%
1844Alexandre DumasThe Three Musketeers
76%
1881Robert Louis StevensonTreasure Island
76%
1719Daniel DefoeRobinson Crusoe
72%
1870Jules VerneTwenty Thousand Leagues Under the Sea
69%
1899Joseph ConradHeart of Darkness
63%
1895H.G. WellsThe Time Machine
58%
1873Jules VerneAround the World in Eighty Days
56%
1903Jack LondonThe Call of the Wild
51%
1819Walter ScottIvanhoe
47%
1844Alexandre DumasThe Count of Monte Cristo
47%
1912Edgar Rice BurroughsTarzan of the Apes
45%
1864Jules VerneJourney to the Center of the Earth
40%
1919Johnston McCulleyThe Mark of {Zorro}
38%
2006Cormac McCarthyThe Road
33%
1812Johann David WyssThe Swiss Family Robinson
23%
1986Gary Paulsen{Hatchet}
17%
1980Michael Crichton{Congo}
15%
1969Patrick O'BrianMaster and Commander
14%

Score Distribution

Percentile by Number Answered

Percent of People with Each Score

Your Score History

You have not taken this quiz since the last reset